| 000 | 00840nas a2200277 4500 | ||
|---|---|---|---|
| 001 | BR9703504 | ||
| 003 | BR-BrBNA | ||
| 005 | 20231205100335.0 | ||
| 007 | ta | ||
| 008 | 230509b bl.|||p| |||| 00| 00por d | ||
| 040 |
_aBR-BrBNA _bpor _cBiblioteca Nacional de Agricultura |
||
| 041 | _a(Pt) | ||
| 072 | _aF01 | ||
| 100 | 1 | _aResende, G.M. de | |
| 100 | 1 | _aSilva, R.A. | |
| 100 | 1 | _aGoulart, A.C.P. | |
| 245 | 1 | _aProdutividade de cultivares de moranga e de hibridos do tipo "Tetsukabuto" em diferentes epocas de plantio | |
| 650 | _aAbobora Menina | ||
| 650 | _aProducao Vegetal | ||
| 650 | _aPlantio | ||
| 650 | _aVariedade | ||
| 650 | _aHibrido | ||
| 773 | 0 |
_tHorticultura Brasileira (Brazil) _xISSN 0102-0536 _g(Nov 1996), v. 14(2) p. 228-231 _wBR9703504 |
|
| 909 |
_a202311 _bLúcia _c55 _dLúcia Elande |
||
| 942 |
_2AGRIS _n0 _cANA |
||
| 999 |
_c155451 _d155451 |
||